Разработка и реализация программного компонента, выполняющего прямое и обратное вейвлет-преобразование Хаара; Технологии Microsoft в теории и практике программирования

Detalhes bibliográficos
Parent link:Технологии Microsoft в теории и практике программирования.— 2013.— [С. 124-126]
Autor principal: Турдубаев А. М. Алтынбек Маматшарипович
Outros Autores: Малахов Э. В. Эдуард Владимирович
Resumo:Заглавие с титульного листа.
The total volume and variety of image data transferred from satellites to the earth increase every day and we face the problem of effective storing. That`s why we are forced to develop and implement the method of compressing multi- and hyper-spectral data.
Idioma:russo
Publicado em: 2013
Colecção:Математическое моделирование и технологии высокопроизводительных вычислени
Assuntos:
Acesso em linha:http://www.lib.tpu.ru/fulltext/c/2013/C28/048.pdf
Formato: MixedMaterials Recurso Electrónico Capítulo de Livro
KOHA link:https://koha.lib.tpu.ru/cgi-bin/koha/opac-detail.pl?biblionumber=603078

MARC

LEADER 00000naa2a2200000 4500
001 603078
005 20260225163137.0
035 |a (RuTPU)RU\TPU\conf\217 
035 |a RU\TPU\conf\212 
090 |a 603078 
100 |a 20131209d2013 k y0rusy50 ca 
101 0 |a rus 
102 |a RU 
135 |a drcn ---uucaa 
181 0 |a i  
182 0 |a b 
200 1 |a Разработка и реализация программного компонента, выполняющего прямое и обратное вейвлет-преобразование Хаара  |f А. М. Турдубаев, Э. В. Малахов 
203 |a Текст  |c электронный 
225 1 |a Математическое моделирование и технологии высокопроизводительных вычислени 
300 |a Заглавие с титульного листа. 
320 |a [Библиогр.: с. 126 (4 назв.)] 
330 |a The total volume and variety of image data transferred from satellites to the earth increase every day and we face the problem of effective storing. That`s why we are forced to develop and implement the method of compressing multi- and hyper-spectral data. 
337 |a Adobe Reader 
463 1 |0 (RuTPU)RU\TPU\conf\40  |t Технологии Microsoft в теории и практике программирования  |o сборник трудов X Всероссийской научно-практической конференции студентов, аспирантов и молодых ученых, г.Томск, 19-20 марта 2013 г.  |f Национальный исследовательский Томский политехнический университет (ТПУ), Институт кибернетики ; ред. кол. А. В. Лиепиньш и др.  |v [С. 124-126]  |d 2013 
610 1 |a электронный ресурс 
610 1 |a труды учёных ТПУ 
610 1 |a вейвлет-преобразования 
610 1 |a вейвлеты Хаара 
610 1 |a сжатие данных 
610 1 |a дистанционное зондирование 
700 1 |a Турдубаев  |b А. М.  |g Алтынбек Маматшарипович 
701 1 |a Малахов  |b Э. В.  |c специалист в области дискретной математики и криптографии  |c аспирант Томского политехнического университета  |f 1987-  |g Эдуард Владимирович  |3 (RuTPU)RU\TPU\pers\28642 
801 2 |a RU  |b 63413507  |c 20230517  |g RCR 
856 4 |u http://www.lib.tpu.ru/fulltext/c/2013/C28/048.pdf 
942 |c BK